00916nas a2200265 4500001001000000003000900010005001700019007000300036008003400039040005400073041000900127072000800136100001000144245010300154650002300257650001200280650002300292650001200315650000900327773008600336909004000422942001800462999001900480952015100499BR7905173BR-BrBNA20231205083907.0ta230509b bl.|||p| |||| 00| 00por d aBR-BrBNAbporcBiblioteca Nacional de Agricultura a(Pt) aP051 aAnon.1 aTucurui. Definido esquema de aproveitamento da madeira [Recurso energetico; Madeira; Para; Brasil] aRecurso energetico aMadeira aEnergia hidraulica aTucurui aPara0 tBrasil Madeira (Brazil)xISSN 0100-3119g(Aug 1979), v. 3(32) p. 35-36wBR7905173 a202311bLúciac55dLúcia Elande 2AGRISn0cANA c101874d101874 002AGRIS4071a41918b41918cPeriódicos Agrícolash(Aug 1979), v. 3(32) p. 35-36l0r2023-11-29t01yCRePortaria Interministerial nº 164/94